| 000 | 00639nam a2200217 u 4500 | ||
|---|---|---|---|
| 005 | 20241129063747.0 | ||
| 008 | 110906s2004 es r 000 0 spa d | ||
| 020 | _a9789688931509 (13 dígitos) | ||
| 020 | _a9688931500 (10 dígitos) | ||
| 035 | _aUPN01000181696 | ||
| 049 | _aI | ||
| 050 | 4 |
_aLB1598 _bF5.3 |
|
| 245 | 0 | 3 | _aLa fiesta del cartón piedra. |
| 260 |
_aLeón, Esp. : _bEverest, _c2004. |
||
| 300 |
_a63 p. : _bil. col. |
||
| 440 | 0 |
_aDisney art attack. _pJuega y crea |
|
| 650 | 4 |
_aTrabajos manuales (Educación) _96600 |
|
| 650 | 2 |
_aCreatividad _95008 |
|
| 650 | 4 |
_aARTE - _vLITERATURA JUVENIL _92494 |
|
| 905 | _aInfantil | ||
| 999 |
_c153799 _d153799 |
||